Best Players Never To Play At A FIFA World Cup - Statistics

General Stats
  • This quiz has been taken 135 times
  • The average score is 7 of 32
Answer Stats
Rank Player Country % Correct
2 George Best Northern Ireland
97%
1 Alfredo Di Stéfano Argentina/Colombia*/Spain
84%
6 George Weah Liberia
82%
5 Ryan Giggs Wales
61%
10 Ian Rush Wales
44%
19 Jari Litmanen Finland
40%
18 Dimitar Berbatov Bulgaria
27%
14 Abedi Pele Ghana
23%
8 Éric Cantona France
23%
7 Gunnar Nordahl Sweden
16%
20 Sami Hyypiä Finland
14%
23 Kakha Kaladze Georgia
13%
3 Laszlo Kubala Czechoslovakia/Hungary/Spain
13%
26 Bruce Grobbelaar Zimbabwe
11%
27 Georgi Kinkladze Georgia
10%
11 Bernd Schuster West Germany
9%
12 David Ginola France
8%
28 Gary Speed Wales
8%
32 Kazuyoshi Miura Japan
8%
31 Cristian Chivu Romania
7%
16 Neville Southall Wales
7%
9 Duncan Edwards England
6%
4 Valentino Mazzola Italy
6%
24 Andy Cole England
5%
15 Liam Brady Republic of Ireland
5%
25 Mohamed Aboutrika Egypt
5%
29 Paolo Di Canio Italy
5%
21 Matt Le Tissier England
4%
13 Johnny Giles Republic of Ireland
3%
30 Lee Dixon England
3%
17 Bill Foulkes England
2%
22 Mahmoud El Khatib Egypt
2%
No matching quizzes found
Score Distribution
Percent of People with Each Score
Percentile by Number Answered
Your Score History
You have not taken this quiz